000 00391nam a2200145Ia 4500
008 230917s9999||||xx |||||||||||||| ||und||
040 _e37222
_aMAIN
041 _aEnglish
082 _a954.03 H971S
100 _aHutchins, Francis G
245 0 _aSpontaneous revolution: the Quit India Movement
260 _aNew Delhi
_bManohar Boodk Service
_c1971
300 _ax, 374 p.
942 _cBK
999 _c183614
_d183614